000 00609nam a2200193Ia 4500
005 20250508163239.0
008 008 250505s9999 xx 000 0 eng d
037 _aDissertations
040 _aFEDL
_beng
_cFEDL
041 _aeng
_2eng
084 _a153.35, SAI/DI
_qFEDL
100 _aSaini Jasbir Kaur
_9774985
245 0 _aStudy of creativity in relation to anxiety, locus of control, extraversion, introversion and neuroticism
260 _c1985
300 _a90p.
546 _aM.Ed. Dissertation (Delhi University)
942 _cDIS
_h153.35, SAI/DI
999 _c1381757
_d1381757